00653 2200205 4500001002100000005001700021008004100038035002400079040001200103082001000115090001900125100001800144245008400162260006900246300004600315500003200361650002400393852001200417990001800429YOGYA-0213000000069520130218181615.0 ind  0010-021300000000695 aYOPDYOG a910.2 aSK 910.2 Yen S aYeni Maryatin aSikap wisatawan nusantara terhadap sapta pesona di kawasan malioboro Yogyakarta aYogyakarta :bSekolah Tinggi ilmu Ekonomi Pariwisata API :c2004 aXI , 95 lbr . :bilus . , lamp . ;c30 cm aSkripsi STIE Pariwisata API aIndustri Pariwisata aYOPDYOG a43150.PD/A.12